Maudsley and Burn's land law (Record no. 103890)

MARC details
000 -LEADER
fixed length control field 01079cam a2200229 4500
001 - CONTROL NUMBER
control field L128324
008 - FIXED-LENGTH DATA ELEMENTS--GENERAL INFORMATION
fixed length control field 041216n2004 000 0 eng u
020 ## - INTERNATIONAL STANDARD BOOK NUMBER
International Standard Book Number 0406971374
035 ## - SYSTEM CONTROL NUMBER
System control number (Sirsi) u128324
041 ## - LANGUAGE CODE
Language code of text/sound track or separate title eng
050 ## - LIBRARY OF CONGRESS CALL NUMBER
Classification number 346.41043
-- 18
100 ## - MAIN ENTRY--PERSONAL NAME
Personal name Burn, E. H.
245 ## - TITLE STATEMENT
Title Maudsley and Burn's land law
Remainder of title cases and materials
250 ## - EDITION STATEMENT
Edition statement 8th ed.
260 ## - PUBLICATION, DISTRIBUTION, ETC.
Place of publication, distribution, etc. Oxford
Name of publisher, distributor, etc. Oxford University Press
Date of publication, distribution, etc. 2004
300 ## - PHYSICAL DESCRIPTION
Extent cxx, 1043p.
Dimensions 25cm.
350 ## - PRICE (NR) (BK AM CF MU VM SE) [OBSOLETE]
Price 29.95
520 ## - SUMMARY, ETC.
Summary, etc. Provides an up-to-date collection of essential readings in land law. Brings together a wide selection of cases, statutes and extracts from books, articles and law reform reports. Linked to these are passages of explanation and comment with questions. Presents a thought-provoking exposition of all aspects of land law in four divisions: basic concepts, family interests, commercial interests and control of land. The law is stated as at 1 July 2004 with some more recent developments incorporated where possible.
690 ## - LOCAL SUBJECT ADDED ENTRY--TOPICAL TERM (OCLC, RLIN)
Topical term or geographic name as entry element Planning and development
9 (RLIN) 6259
942 ## - ADDED ENTRY ELEMENTS (KOHA)
Suppress in OPAC 0
Holdings
Withdrawn status Lost status Source of classification or shelving scheme Damaged status Not for loan Home library Current library Shelving location Date acquired Cost, normal purchase price Total Checkouts Full call number Barcode Date last seen Date last checked out Copy number Cost, replacement price Price effective from Koha item type
    Dewey Decimal Classification     London London Books 16/06/2005 29.95 1 346.41043 BUR 30070869 06/08/2019 11/02/2008 1 29.95 06/08/2019 Book